<?xml version="1.0" encoding="UTF-8"?>
<record
    xmlns:xsi="http://www.w3.org/2001/XMLSchema-instance"
    xsi:schemaLocation="http://www.loc.gov/MARC21/slim http://www.loc.gov/standards/marcxml/schema/MARC21slim.xsd"
    xmlns="http://www.loc.gov/MARC21/slim">

  <leader>00409nam a22001697a 4500</leader>
  <controlfield tag="003">OSt</controlfield>
  <controlfield tag="008">230328b        |||||||| |||| 00| 0 eng d</controlfield>
  <datafield tag="020" ind1=" " ind2=" ">
    <subfield code="a">9789388658362</subfield>
  </datafield>
  <datafield tag="082" ind1=" " ind2=" ">
    <subfield code="a">320.01 GAW</subfield>
  </datafield>
  <datafield tag="100" ind1=" " ind2=" ">
    <subfield code="a">GAUBA, O.P.</subfield>
  </datafield>
  <datafield tag="245" ind1=" " ind2=" ">
    <subfield code="a">Western Political Thought</subfield>
  </datafield>
  <datafield tag="250" ind1=" " ind2=" ">
    <subfield code="a">4th ed.</subfield>
  </datafield>
  <datafield tag="260" ind1=" " ind2=" ">
    <subfield code="a">New Delhi</subfield>
    <subfield code="b">National Paperbacks</subfield>
    <subfield code="c">2023</subfield>
  </datafield>
  <datafield tag="300" ind1=" " ind2=" ">
    <subfield code="a">380 p.</subfield>
  </datafield>
  <datafield tag="650" ind1=" " ind2=" ">
    <subfield code="a">Political Science</subfield>
  </datafield>
  <datafield tag="942" ind1=" " ind2=" ">
    <subfield code="2">ddc</subfield>
    <subfield code="c">BK</subfield>
  </datafield>
  <datafield tag="999" ind1=" " ind2=" ">
    <subfield code="c">11912</subfield>
    <subfield code="d">11912</subfield>
  </datafield>
  <datafield tag="952" ind1=" " ind2=" ">
    <subfield code="0">0</subfield>
    <subfield code="1">0</subfield>
    <subfield code="2">ddc</subfield>
    <subfield code="4">0</subfield>
    <subfield code="7">0</subfield>
    <subfield code="8">BAECO</subfield>
    <subfield code="a">PIETNCR</subfield>
    <subfield code="b">PIETNCR</subfield>
    <subfield code="d">2023-03-25</subfield>
    <subfield code="e">International Book Centre</subfield>
    <subfield code="f">In Rupees</subfield>
    <subfield code="g">350.00</subfield>
    <subfield code="k">IB/IN/1349</subfield>
    <subfield code="l">0</subfield>
    <subfield code="o">320.01 GAW</subfield>
    <subfield code="p">N3412</subfield>
    <subfield code="r">2023-03-28 00:00:00</subfield>
    <subfield code="v">280.00</subfield>
    <subfield code="w">2023-03-25</subfield>
    <subfield code="y">REF</subfield>
  </datafield>
  <datafield tag="952" ind1=" " ind2=" ">
    <subfield code="0">0</subfield>
    <subfield code="1">0</subfield>
    <subfield code="2">ddc</subfield>
    <subfield code="4">0</subfield>
    <subfield code="7">0</subfield>
    <subfield code="8">BAECO</subfield>
    <subfield code="a">PIETNCR</subfield>
    <subfield code="b">PIETNCR</subfield>
    <subfield code="d">2023-03-25</subfield>
    <subfield code="e">International Book Centre</subfield>
    <subfield code="f">In Rupees</subfield>
    <subfield code="g">350.00</subfield>
    <subfield code="k">IB/IN/1349</subfield>
    <subfield code="l">2</subfield>
    <subfield code="o">320.01 GAW</subfield>
    <subfield code="p">N3413</subfield>
    <subfield code="r">2023-06-12 00:00:00</subfield>
    <subfield code="s">2023-06-01</subfield>
    <subfield code="v">280.00</subfield>
    <subfield code="w">2023-03-25</subfield>
    <subfield code="y">BK</subfield>
  </datafield>
  <datafield tag="952" ind1=" " ind2=" ">
    <subfield code="0">0</subfield>
    <subfield code="1">0</subfield>
    <subfield code="2">ddc</subfield>
    <subfield code="4">0</subfield>
    <subfield code="7">0</subfield>
    <subfield code="8">BAECO</subfield>
    <subfield code="a">PIETNCR</subfield>
    <subfield code="b">PIETNCR</subfield>
    <subfield code="d">2023-03-25</subfield>
    <subfield code="e">International Book Centre</subfield>
    <subfield code="f">In Rupees</subfield>
    <subfield code="g">350.00</subfield>
    <subfield code="k">IB/IN/1349</subfield>
    <subfield code="l">4</subfield>
    <subfield code="o">320.01 GAW</subfield>
    <subfield code="p">N3414</subfield>
    <subfield code="r">2023-09-14 00:00:00</subfield>
    <subfield code="s">2023-08-03</subfield>
    <subfield code="v">280.00</subfield>
    <subfield code="w">2023-03-25</subfield>
    <subfield code="y">BK</subfield>
  </datafield>
  <datafield tag="952" ind1=" " ind2=" ">
    <subfield code="0">0</subfield>
    <subfield code="1">0</subfield>
    <subfield code="2">ddc</subfield>
    <subfield code="4">0</subfield>
    <subfield code="7">0</subfield>
    <subfield code="8">BAECO</subfield>
    <subfield code="a">PIETNCR</subfield>
    <subfield code="b">PIETNCR</subfield>
    <subfield code="d">2023-03-25</subfield>
    <subfield code="e">International Book Centre</subfield>
    <subfield code="f">In Rupees</subfield>
    <subfield code="g">350.00</subfield>
    <subfield code="k">IB/IN/1349</subfield>
    <subfield code="l">3</subfield>
    <subfield code="o">320.01 GAW</subfield>
    <subfield code="p">N3415</subfield>
    <subfield code="r">2023-06-12 00:00:00</subfield>
    <subfield code="s">2023-05-26</subfield>
    <subfield code="v">280.00</subfield>
    <subfield code="w">2023-03-25</subfield>
    <subfield code="y">BK</subfield>
  </datafield>
  <datafield tag="952" ind1=" " ind2=" ">
    <subfield code="0">0</subfield>
    <subfield code="1">0</subfield>
    <subfield code="2">ddc</subfield>
    <subfield code="4">0</subfield>
    <subfield code="7">0</subfield>
    <subfield code="8">BAECO</subfield>
    <subfield code="a">PIETNCR</subfield>
    <subfield code="b">PIETNCR</subfield>
    <subfield code="d">2023-03-25</subfield>
    <subfield code="e">International Book Centre</subfield>
    <subfield code="f">In Rupees</subfield>
    <subfield code="g">350.00</subfield>
    <subfield code="k">IB/IN/1349</subfield>
    <subfield code="l">4</subfield>
    <subfield code="o">320.01 GAW</subfield>
    <subfield code="p">N3416</subfield>
    <subfield code="r">2023-06-23 00:00:00</subfield>
    <subfield code="s">2023-06-13</subfield>
    <subfield code="v">280.00</subfield>
    <subfield code="w">2023-03-25</subfield>
    <subfield code="y">BK</subfield>
  </datafield>
</record>
